| 000 | 00707nam a22002537a 4500 | ||
|---|---|---|---|
| 001 | BR0001901 | ||
| 003 | BR-BrBNA | ||
| 005 | 20230928100616.0 | ||
| 007 | ta | ||
| 008 | 230509b bl.||||| |||| 00| 0 por d | ||
| 040 |
_aBR-BrBNA _bpor _cBiblioteca Nacional de Agricultura |
||
| 041 | _a(Por) | ||
| 072 | _aE12; E40 | ||
| 090 | _ E12 BR0001901 | ||
| 100 | 1 | _aGuimaraes, G.(org.) | |
| 245 | 1 | _aSindicalismo e Cooperativismo; a economia solidaria em debate, transformacoes no mundo do trabalho | |
| 260 | 3 |
_aRio de Janeio, RJ (Brasil): _c[nd]. |
|
| 300 | _a135 p. | ||
| 650 | _aSindicato | ||
| 650 | _aTrabalho | ||
| 650 | _aCooperativismo | ||
| 909 |
_a202309 _bLucia _c55 _dLucia Elande |
||
| 942 | _cBK | ||
| 999 |
_c62024 _d62024 |
||